Of human bondage (Record no. 10897)
[ view plain ]
| 000 -LEADER | |
|---|---|
| fixed length control field | 00409 a2200157 4500 |
| 020 ## - INTERNATIONAL STANDARD BOOK NUMBER | |
| International Standard Book Number | 9780099284963 |
| 082 ## - DEWEY DECIMAL CLASSIFICATION NUMBER | |
| Classification number | 823.912 |
| 090 ## - LOCALLY ASSIGNED LC-TYPE CALL NUMBER (OCLC); LOCAL CALL NUMBER (RLIN) | |
| -- | 7092 |
| -- | 7092 |
| 100 ## - MAIN ENTRY--PERSONAL NAME | |
| Personal name | Maugham, W. Somerset |
| 245 ## - TITLE STATEMENT | |
| Title | Of human bondage |
| Statement of responsibility, etc. | W. Somerset Maugham |
| 260 ## - PUBLICATION, DISTRIBUTION, ETC. | |
| Place of publication, distribution, etc. | UK |
| Name of publisher, distributor, etc. | Vintage |
| Date of publication, distribution, etc. | 1915 |
| 300 ## - PHYSICAL DESCRIPTION | |
| Extent | 700 p. |
| 650 ## - SUBJECT ADDED ENTRY--TOPICAL TERM | |
| Topical term or geographic name entry element | People with disabilities--Physicians |
| 700 ## - ADDED ENTRY--PERSONAL NAME | |
| Personal name | W. Somerset Maugham |
| 942 ## - ADDED ENTRY ELEMENTS (KOHA) | |
| Koha item type | Book |
| Call number prefix | 823.912 MAU |
| Withdrawn status | Lost status | Damaged status | Not for loan | Collection code | Permanent Location | Current Location | Shelving location | Date acquired | Source of acquisition | Cost, normal purchase price | Total Checkouts | Full call number | Barcode | Date last seen | Date last checked out | Price effective from | Koha item type |
|---|---|---|---|---|---|---|---|---|---|---|---|---|---|---|---|---|---|
| Central Library (CL) | Central Library (CL) | General Stacks | 04/20/2012 | Global~Link Information Services | 519.14 | 1 | 823.912 MAU | SEECS011256 | 06/09/2023 | 02/22/2023 | 01/05/2017 | Book |
